LEADER 01428cam a2200313 a 4500 001 000000129267 003 CaOOAMICUS 005 20120612161743.0 008 120612s2011 vc da b 000 0 eng r 020 $a978-88-209-8726-8 040 $aPUL$bita 082 04$a110 245 00$aGod and world :$btheology of creation from scientific and ecumenical standpoints /$cEdited by Tomasz Trafny & Armand Puig i Tàrrech. 260 $aCittà del Vaticano :$bLibreria editrice vaticana,$c©2011. 300 $a147 p. ;$c24 cm. 490 1 $aSTOQ project research series ;$v11 504 $aBibliografia p. 145-147. 650 4$aOntologia.$0(OLS)http://pul/subject/4424 700 1 $aTrafny, Tomasz.$0(OLS)http://pul/name/82513 700 1 $aPuig i Tàrrech, Armand,$d1953-$0(OLS)http://pul/name/19247 830 0$aSTOQ project research series ;$v11.$0(OLS)http://pul/title/143449 850 $aPUL 852 $aPUL$W1$xSL Filosofia 3$y81$m110 TRATO 1$j149690$qDDC 21$B148212$CPULBib$Z2$F148212 $H120011 $82 941 1 $a9 996 $6020$a978-88-209-8726-8$9(OLS)http://pul/number/149985 996 $6082$a110$9(OLS)http://pul/classification/454 996 $6245$aGod and world :$btheology of creation from scientific and ecumenical standpoints$9(OLS)http://pul/title/163359 996 $6260$aCittà del Vaticano :$bLibreria editrice vaticana$9(OLS)http://pul/publisher/47920 LEADER 01426nam a2200289 u 4500 001 000000073862 003 CaOOAMICUS 005 20070226122410.0 008 021125s2002 it u000 u ita u 020 $a8882943496 035 $a10945792 040 $aPUL$bita 100 1 $aGrassi, Graziella.$0(OLS)http://pul/name/48929 245 13$aIl formulario del recupero crediti :$btutte le formule per tutelare creditore e debitore : con oltre 200 formule e la modulistica per le iscrizioni a ruolo /$cGraziella Grassi, Flavio Saltarelli. 250 $a3. ed. 260 $aPiacenza :$bLa Tribuna,$cc2002. 300 $a544 p. ;$c24 cm +$e1 cd-rom 490 1 $a2002 i formulari 650 4$aDiritto fallimentare.$0(OLS)http://pul/subject/25911 700 1 $aSaltarelli, Flavio.$0(OLS)http://pul/name/48930 830 0$a2002 i formulari.$0(OLS)http://pul/title/97069 850 $aPUL 852 $aPUL$W1$xDP2 Diritto e Scienze Sociali 2$y100$mUtrCiv B1 9$j95395$nBK-PRI$b $qStampati Altre Collocazioni$B95395$CPULBib$Z2$F95395 $H87507 $81 941 1 $a10 996 $6020$a8882943496$9(OLS)http://pul/number/95399 996 $6245$aIl formulario del recupero crediti :$btutte le formule per tutelare creditore e debitore : con oltre 200 formule e la modulistica per le iscrizioni a ruolo$9(OLS)http://pul/title/97074 996 $6260$aPiacenza :$bLa Tribuna$9(OLS)http://pul/publisher/69734